Which New England State? - Statistics

General Stats
  • This quiz has been taken 140 times
    133 since last reset
  • The average score is 9 of 16
Answer Stats
Question Answer % Correct
Which state has the smallest area? Rhode Island
100%
Which state has the highest population? Massachusetts
88%
Which state contains a national park? Maine
75%
Which state has the official motto "Live Free or Die"? New Hampshire
75%
Which state produces the most dairy products? Vermont
63%
Which state is nicknamed "The Constitution State"? Connecticut
56%
Which state contains a major river of the same name? Connecticut
56%
Which state has no cities over 50,000 people? Vermont
56%
Which state is the birthplace of John Adams, John F. Kennedy, and George H. W. Bush? Massachusetts
50%
Which state has a mountain over 6000 ft? New Hampshire
50%
Which state has the westernmost point in New England? Connecticut
44%
Which state's current territory has been invaded by a foreign power since the American Revolution? Maine
38%
Which state has the highest population density? Rhode Island
31%
Which state is centered around Narragansett Bay? Rhode Island
31%
Which state most recently gave an electoral vote to a Republican? Maine
19%
Which state is guessed least on Jetpunk's "US States" quiz? Massachusetts
19%
No matching quizzes found
Score Distribution
Percent of People with Each Score
Percentile by Number Answered
Your Score History
You have not taken this quiz since the last reset